Top 5 Longest Croatian Rivers - Statistics

General Stats
  • This quiz has been taken 144 times
  • The average score is 2 of 5
Answer Stats
Hint Answer % Correct
1,771 miles Danube River
100%
615 miles Sava River
25%
441 miles Drava River
23%
185 miles Kupa River
16%
288 miles Mur River
5%
No matching quizzes found
Score Distribution
Percent of People with Each Score
Percentile by Number Answered
Your Score History
You have not taken this quiz